| 000 | 00505nam a2200121Ia 4500 | ||
|---|---|---|---|
| 008 | 160712s9999 xx 000 0 und d | ||
| 100 | _aTorres-Yu, Rosario. | ||
| 245 |
_cRosario Torres-Yu _aHagkis ng Halakhak: Ang Nagpapatuloy na Kabuluhan ng Kritika ni Hernandez sa Pulitika sa Magkabilang Mukha ng Isang Bagol |
||
| 260 |
_c2012 _bSocial Science Diliman |
||
| 300 | _avol. 8 no. 2 | ||
| 650 | _xSOCIAL SCIENCE | ||
| 856 | _uhttp://journals.upd.edu.ph/index.php/socialsciencediliman/issue/view/377/showToc | ||
| 999 |
_c297492 _d297492 |
||